00391nam a2200157Ia 4500008004100000020001500041082001300056100001900069245003900088250000800127260002900135300001200164500002500176650001200201700002000213230524s9999 xx 000 0 und d a8121908175 a530bAVA aM.N.Avadhanulu 2aA Text Book of Engineering Physics a8TH aNEW DELHIbS.Chandc2006 aXIV;758 aQuantity Number: 59 aPhysics a P.G.Kshirsagar